Plus grandes îles par continent - Statistiques

Statistiques générales
  • Ce quiz a été pris 61 fois
  • Le résultat moyen est 14 sur 60
Statistiques - réponses
Continent Hint Réponse % Correct
Afrique 587 041 km² Madagascar
93%
Afrique 1 865 km² Maurice
70%
Europe 25 460 km² Sicile
69%
Europe 8 722 km² Corse
67%
Amérique du Nord 105 007 km² Cuba
65%
Europe 102 828 km² Islande
63%
Europe 84 406 km² Irlande
61%
Amérique du Nord 2 130 800 km² Groenland
59%
Europe 23 813 km² Sardaigne
57%
Europe 216 777 km² Grande-Bretagne
56%
Amérique du Nord 76 480 km² Hispaniola
56%
Asie 126 700 km² Java
52%
Afrique 2 503 km² Réunion
50%
Asie 743 330 km² Bornéo
46%
Asie 65 268 km² Sri Lanka
41%
Asie 425 000 km² Sumatra
41%
Asie 78 073 km² Hokkaidō
37%
Asie 227 414 km² Honshū
37%
Océanie 775 210 km² Nouvelle-Guinée
37%
Océanie 114 050 km² Île du Nord
30%
Océanie 60 637 km² Tasmanie
30%
Océanie 10 388 km² Viti Levu
28%
Océanie 150 737 km² Île du Sud
26%
Amérique du Nord 507 451 km² Baffin
24%
Asie 104 688 km² Luçon
22%
Amérique du Nord 108 860 km² Terre-Neuve
22%
Amérique du Sud 4 828 km² Trinité
22%
Amérique du Nord 196 236 km² Ellesmere
19%
Asie 174 600 km² Célèbes
13%
Océanie 10 414 km² Hawaï
11%
Amérique du Sud 47 992 km² Terre de Feu
11%
Amérique du Nord 217 291 km² Victoria
11%
Afrique 1 148 km² Grande Comore
9%
Asie 94 630 km² Mindanao
9%
Asie 76 400 km² Sakhaline
9%
Amérique du Nord 70 028 km² Banks
7%
Océanie 16 750 km² Grande-Terre
6%
Océanie 10 049 km² Bougainville
4%
Afrique 1 660 km² Fuerteventura
4%
Amérique du Sud 40 100 km² Marajó
4%
Europe 39 044 km² Spitzberg
4%
Afrique 2 034 km² Tenerife
4%
Amérique du Sud 8 394 km² Chiloé
2%
Afrique 3 796 km² Socotra
2%
Amérique du Nord 43 178 km² Axel Heiberg
0%
Amérique du Sud 20 000 km² Bananal
0%
Afrique 2 017 km² Bioko
0%
Amérique du Nord 55 247 km² Devon
0%
Afrique 1 560 km² Grande Canarie
0%
Amérique du Sud 4 532 km² Grande Malouine
0%
Amérique du Sud 4 117 km² Hoste
0%
Europe 33 275 km² Ioujny
0%
Amérique du Sud 4 640 km² Isabela
0%
Europe 14 210 km² Nordaustlandet
0%
Océanie 35 145 km² Nouvelle-Bretagne
0%
Océanie 8 661 km² Nouvelle-Irlande
0%
Amérique du Sud 3 542 km² Santa Inés
0%
Europe 48 904 km² Severny
0%
Amérique du Sud 11 850 km² Tupinambarana
0%
Afrique 1 666 km² Unguja
0%
Aucun quiz correspondant
Distribution des résultats
% des personnes avec chaque résultat
Percentile par nombre de réponses
Votre historique - résultats
Vous n’avez pas pris ce quiz